000
00210 a2200097 4500
001
46704
100
_a
Clark R
245
_a
Battle for Britain
260
_a
London
_b
George G Harper
_c
090
_c
29801
_d
29801
942
_a
NUST-CAE
_c
M
_c
22004
999
_c
281777
_d
281777